000 00801nam a2200205 a 4500
005 20210219160214.0
008 080925s1965 mx r 000 0 spa d
035 _aUPN01000160914
049 _aUNE
080 _a378.014. 53(100) =20ACC Vol.II.
245 0 0 _aAcces to higher education.
260 _aParís :
_bUNESCO, International Association of Universities,
_c1965.
300 _av. :
_bil.
500 _aEstudios nacionales: Brasil, Chile, Francia, India, Japón, Nueva Zelandia, Senegal, República de Sudafrica, URSS, Egipto, Reino Unido (Inglaterra y Gales), EUA
690 _aEnseñanza superior - Procedimientos de selección
690 _aEnseñanza superior - Acceso a la educación
710 2 _aUNESCO
710 2 _aInternational Association of Universities
905 _aUNESCO
999 _c133027
_d133027